header

Creating a democratic civil society in eastern Germany (Record no. 22998)

MARC details
000 -LEADER
fixed length control field 01265nam a22003134a 4500
082 04 - DEWEY DECIMAL CLASSIFICATION NUMBER
Classification number 300.943/1
100 1# - MAIN ENTRY--AUTHOR NAME
Personal name Olivo, Christiane.
245 10 - TITLE STATEMENT
Title Creating a democratic civil society in eastern Germany
260 ## - PUBLICATION, DISTRIBUTION, ETC. (IMPRINT)
Place of publication New York :
Name of publisher Palgrave,
Year of publication 2001.
300 ## - PHYSICAL DESCRIPTION
Number of Pages vi, 293 p.
650 #0 - SUBJECT ADDED ENTRY--TOPICAL TERM
Topical Term Political participation
Topical Term Civil society
856 40 - ELECTRONIC LOCATION AND ACCESS
Uniform Resource Identifier http://site.ebrary.com/lib/rucke/Doc?id=10022999

No items available.

© 2026 Rongo University
Contact us: librarian | system librarian | Rongo university